=LDR 00000nam 2200000 4500 =001 INLIS000000000014566 =005 20210413093243 =035 ##$$a 0010-061300000014566 =008 210413################g##########0#ind## =041 ##$$a ind =082 ##$$a 334.598 =090 ##$$a 639.543, Muj b =100 1#$$a Muijiman, Ahmad =245 1#$$a Budidaya udang Galah /$c Ahmad Mutjiman =260 ##$$a Jakarta :$b Penebar Swadaya,$c 1988 =300 ##$$a 79 hlm : $b ilus ; $c 21x14 cm =650 #4$$a Udang Galah Budidaya =850 ##$$a NBPNMAT =020 ##$$a 979-8031-21-0 =084 ##$$a 334.598 MUI b =250 ##$$a cet.1 =990 ##$$a 00039453 =990 ##$$a 00039454